Statistics for Los Angeles Lakers 2017-18 Most Games Leading Team in Scoring

Click here to take the quiz!

General Stats

  • This quiz has been taken 125 times
  • The average score is 6 of 9

Answer Stats

PlayerGames% Correct
Lonzo Ball1
96%
Brandon Ingram14
93%
Julius Randle22
85%
Brook Lopez10
79%
Kyle Kuzma17
79%
Jordan Clarkson12
51%
Josh Hart4
50%
Kentavious Caldwell-Pope8
49%
Isaiah Thomas1
32%

Score Distribution

Percentile by Number Answered

Percent of People with Each Score

Your Score History

You have not taken this quiz